000 00808nam a2200277 a 4500
003 AR-BaBNM
005 20251128210257.0
008 082120s2002 ||||||||||||||000 | spa||
020 _a0-8077-3667-8
040 _cAR-BaBNM
100 1 _aEllsworth, Elizabeth
245 0 0 _aTeaching positions
_bdifference, pedagogy and the power of address
260 _aNew York
_bTeachers college, Columbia University
_c1997
300 _a204 p.
504 _aBibliografía p. 197-199
650 4 _aROL DEL DOCENTE
650 4 _aPERFIL PROFESIONAL DEL DOCENTE
650 4 _aCONDICIONES DE TRABAJO DEL DOCENTE
650 4 _aPRAXIS EDUCATIVA
650 4 _aRELACION ALUMNO-DOCENTE
650 4 _aCOMUNICACION
653 _aPEDAGOGIA CRITICA
653 _aEDUCACION Y PODER
942 _cBK
998 _cRaquel
999 _c14753
_d14753